Регионална библиотека "Любен Каравелов" - Русе

Светът е голям и спасение дебне отвсякъде (Запис номер 17842)

MARC детайли
000 -Лидер
Контролно поле с фиксирана дължина 01348nam a2200325 c 4500
003 - Код на организацията, давaща контролен номер
Контролно поле BLK
005 - Дата и час на последна редакция
Контролно поле 20221214105715.0
008 - Елементи от данни с фиксирана дължина
fixed length control field 180413b bul|||||r ||||||| ||bul||
010 ## - Наследен системен номер
LC control number KNG00019848000
020 ## - Международен стандартен номер на книга ISBN
Международен стандартен номер на книга ISBN 954-04-0118-6
-- издат.: Нар. култура
040 ## - Източник на каталожния запис
Идентификатор на билиотеката - собственик на записа BLK
041 ## - Код за език
Код за езика на текст/звукозапис или на отделно заглавие Български
Код за езика КДБФ Български
080 ## - УДК
Текстов определител УДК Немска литература
УДК код - определител по УДК 821.112.2
УДК определител -31
УДК - код + определител 821.112.2-31
080 ## - УДК
Текстов определител УДК Българска литература
УДК код - определител по УДК 821.163.2
УДК определител -054.7-31
УДК - код + определител 821.163.2-054.7-31
100 1# - Редна дума - Автор
Автор Троянов, Илия Маринов
Авторска отговорност първи автор
R(LIN) 262366
139 ## - Редно поле
Редна дума Троянов, Илия Маринов
Авторски знак Тро - Т 86
245 10 - Сведения за заглавието
Заглавие Светът е голям и спасение дебне отвсякъде
Подзаглавни данни Роман
Редно поле (дума) Илия Маринов Троянов; прев. от нем. Гергана Иванова Фъркова.
257 ## - Страна на издаване
Страна на създаване/издаване Германия
260 ## - Област на издателските данни
-- София
Име на издателя, разпространителя и проч. Нар. култура
Година на издаване 1997
300 ## - Физическа характеристика
Страници 223 с.
Размери/Мащаб 20 см
380 ## - Жанр
Жанр Худож. лит.
500 ## - Общи забележки
Забележка Ориг. загл. Die Welt ist gross und Rettung lauert uberall / Ilija Trojanov.
653 ## - Ключова дума – ненормативна
Ключова дума романи
700 1# - Други автори (авторска отговорност)
Лично име Фъркова, Гергана Иванова
9 (RLIN) 262367
852 ## - Местоположение
Форматна сигнатура Цб 195217
856 4# - Електронен адрес и достъп
Електронен формат pdf - файл
Път до файла /url/
856 4# - Електронен адрес и достъп
Електронен формат pdf - файл
Път до файла /url/
942 ## - АРТИКУЛИ
Вид на библиотечния материал Книги
Скрит в OPAC Не
Koha issues (borrowed), all copies 1
944 ## - СЪЗДАВАНЕ И РЕДАКЦИЯ на ЗАПИСА
Създаване/Редакция Създаване
Дата на регистрацията/редакция 03.02.2003
Служител, извършил регистрацията/редакцията Людмила_Стоянова
944 ## - СЪЗДАВАНЕ И РЕДАКЦИЯ на ЗАПИСА
Създаване/Редакция Редакция
Дата на регистрацията/редакция 14.12.2009
Служител, извършил регистрацията/редакцията
999 ## - СИСТЕМНИ КОНТРОЛНИ НОМЕРА
Koha biblionumber 17842
Koha biblioitemnumber 17842
Наличности
Код за отписване Код за изгубен артикул Източник на класификационната схема Код за повреда Коз за рестрикции Код за отдаване Артикулен № Име на библиотеката - собственик Име на библиотеката, в която се намира в момента Статус (Текущо местоположение) Дата на вписване в системата Местоположение - отдел Цена в лева Инвентарен номер Систематично азбучна сигнатура Баркод Номер на екземпляра Цена в евро Служебна бележка Служебен тип на артикула
  Не е изгубен Universal Decimal Classification Не е повреден без рестрикции ползва се в читалня 30017 Регионална библиотека "Любен Каравелов" Русе Регионална библиотека "Любен Каравелов" Русе Хранилище 2001-01-01 Хранилище 0.00 637546 Цб 195217 120000637546 1 0.00 Дост: Dp Вид: Д N: 49 Дата: 01.01.1998 Книги
Изтеглен Не е изгубен   Не е повреден без рестрикции заемане за дома 30018 Регионална библиотека "Любен Каравелов" Русе Регионална библиотека "Любен Каравелов" Русе Заемна - подръчен фонд 2005-01-07 Заемна - подръчен фонд 7.00 120000691056 П 830-31/Т 86 120000691056 2 3.58 Дост: DA Вид: А N: 2 Дата: 07.01.2005 Дата инв: 12.02.2018 Бележки инв: П2018 Книги
Vip Innovations Ltd, Rousse, Bulgaria 2025